Beindult a bürokrácia úthengere Beszélgetés Fabó Tiborral, a Kassai Thália Színház igazgatójával

Bibliographic Details
Main Author: Fabó, Tibor, 1964- (Author)
Corporate Authors: Divadlo Thália (Košice, Slovensko) (Author), Abovské kultúrne centrum (Košice, Slovensko) (Author)
Format: Article
Language:Hungarian
Slovak
Subjects:

MARC

LEADER 00000nab a2200000 a 4500
001 vtls000924321
003 SK-MaSNL
005 20260303212243.0
008 040720e19961130xo 0 hun
035 |a KE33198 
040 |a KEVKJB  |b slo  |c KEVKJB  |e AACR2 
041 1 |h slo 
044 |a xo  |c SK 
080 |a 792.2  |2 1981 
100 1 |a Fabó, Tibor,  |d 1964-  |4 aut  |9 109735 
245 1 0 |a Beindult a bürokrácia úthengere  |b Beszélgetés Fabó Tiborral, a Kassai Thália Színház igazgatójával 
610 2 7 |a Divadlo Thália (Košice, Slovensko)  |2 KEVKJB  |9 31809 
610 2 7 |a Abovské kultúrne centrum (Košice, Slovensko)  |2 KEVKJB  |9 29584 
650 0 7 |a zlúčenie  |2 KEVKJB  |9 877456 
651 7 |a Košice (Slovensko)  |2 KEVKJB  |9 18694 
651 7 |a KE,  |2 KEVKJB  |9 877256 
655 7 |a periodikum  |2 snkbucl  |9 29553 
710 2 |a Divadlo Thália (Košice, Slovensko)  |4 aut  |9 31809 
710 2 |a Abovské kultúrne centrum (Košice, Slovensko)  |4 aut  |9 29584 
773 0 8 |t Új Szó  |g Roč. 49  |g Roč. 28, č.280, 30.11.1996, s. 9 
852 |a ZVYKNI  |b KIS3GCP 
999 |c 2206423  |d 2208353